| 000 | 00517nam a22001937a 4500 | ||
|---|---|---|---|
| 003 | NUST - PNEC | ||
| 005 | 20170116180812.0 | ||
| 008 | 150504b xxu||||| |||| 00| 0 eng d | ||
| 020 | _a9690000000 | ||
| 040 | _cLIBRARY | ||
| 082 | _a359.5491 P.R.D | ||
| 100 |
_93423 _aDirectorate, Public Relations |
||
| 245 |
_aSentinels of the sea _cPublic Relations Directorate |
||
| 250 | _a- | ||
| 260 |
_aIslamabad _bBarqsons (Pvt) Ltd. _cc1997. |
||
| 300 | _a155 p. : | ||
| 650 |
_93424 _aWar _xGeneral |
||
| 942 |
_2ddc _cBK |
||
| 999 |
_c63400 _d63400 |
||